<?xml version="1.0" encoding="UTF-8"?>
<record
    xmlns:xsi="http://www.w3.org/2001/XMLSchema-instance"
    xsi:schemaLocation="http://www.loc.gov/MARC21/slim http://www.loc.gov/standards/marcxml/schema/MARC21slim.xsd"
    xmlns="http://www.loc.gov/MARC21/slim">

  <leader>02951nam a2200457 i 4500</leader>
  <controlfield tag="001">194502</controlfield>
  <controlfield tag="003">SpMaBN</controlfield>
  <controlfield tag="005">20250825062650.0</controlfield>
  <controlfield tag="008">220914s1995    sp |          ||| ||spa  </controlfield>
  <datafield tag="016" ind1="7" ind2=" ">
    <subfield code="a">bimoBNE19960239183</subfield>
    <subfield code="2">SpMaBN</subfield>
  </datafield>
  <datafield tag="017" ind1=" " ind2=" ">
    <subfield code="a">M 17104-1995</subfield>
    <subfield code="b">Oficina Dep&#xF3;sito Legal Madrid</subfield>
  </datafield>
  <datafield tag="020" ind1=" " ind2=" ">
    <subfield code="a">8470397125 Castalia</subfield>
  </datafield>
  <datafield tag="020" ind1=" " ind2=" ">
    <subfield code="a">8445110527 Comunidad de Madrid</subfield>
  </datafield>
  <datafield tag="035" ind1=" " ind2=" ">
    <subfield code="a">(OCoLC)431636479</subfield>
  </datafield>
  <datafield tag="040" ind1=" " ind2=" ">
    <subfield code="a">SpMaBN</subfield>
    <subfield code="b">spa</subfield>
    <subfield code="c">SpMaBN</subfield>
    <subfield code="e">rdc</subfield>
    <subfield code="d">ES-MaACL</subfield>
  </datafield>
  <datafield tag="080" ind1=" " ind2=" ">
    <subfield code="a">860-94"19"</subfield>
  </datafield>
  <datafield tag="080" ind1=" " ind2=" ">
    <subfield code="a">39(460.27 M.)"19"</subfield>
  </datafield>
  <datafield tag="080" ind1=" " ind2=" ">
    <subfield code="a">946.41M.(088.3)</subfield>
  </datafield>
  <datafield tag="100" ind1="1" ind2=" ">
    <subfield code="a">Guti&#xE9;rrez Solana, Jos&#xE9;,</subfield>
    <subfield code="d">1886-1945</subfield>
    <subfield code="e">aut</subfield>
    <subfield code="9">61225</subfield>
  </datafield>
  <datafield tag="245" ind1="1" ind2="0">
    <subfield code="a">Madrid callejero /</subfield>
    <subfield code="c">Jos&#xE9; Guti&#xE9;rrez Solana ; edici&#xF3;n, introducci&#xF3;n y notas de Teodoro Saturnino Sanch&#xED;s</subfield>
  </datafield>
  <datafield tag="260" ind1=" " ind2=" ">
    <subfield code="a">Madrid :</subfield>
    <subfield code="b">Castalia :</subfield>
    <subfield code="b">Comunidad de Madrid,</subfield>
    <subfield code="c">[1995]</subfield>
  </datafield>
  <datafield tag="300" ind1=" " ind2=" ">
    <subfield code="a">179 p&#xE1;ginas :</subfield>
    <subfield code="b">ilustraciones ;</subfield>
    <subfield code="c">22 cm</subfield>
    <subfield code="e"> (blanco y negro y color) </subfield>
  </datafield>
  <datafield tag="336" ind1=" " ind2=" ">
    <subfield code="2">rdacontent</subfield>
    <subfield code="a">texto</subfield>
  </datafield>
  <datafield tag="337" ind1=" " ind2=" ">
    <subfield code="2">rdamedia</subfield>
    <subfield code="a">sin mediaci&#xF3;n</subfield>
  </datafield>
  <datafield tag="338" ind1=" " ind2=" ">
    <subfield code="2">rdacarrier</subfield>
    <subfield code="a">volumen</subfield>
  </datafield>
  <datafield tag="490" ind1="1" ind2=" ">
    <subfield code="a">Cl&#xE1;sicos madrile&#xF1;os (Madrid) ;</subfield>
    <subfield code="v">10</subfield>
  </datafield>
  <datafield tag="504" ind1=" " ind2=" ">
    <subfield code="a">Bibliograf&#xED;a: p&#xE1;ginas 33-34</subfield>
  </datafield>
  <datafield tag="505" ind1="0" ind2=" ">
    <subfield code="a">Biograf&#xED;a. Madrid y sus calles. La obra literaria de un pintor. Estudio de "Madrid callejero". Composici&#xF3;n y estructuraci&#xF3;n del libro. La luz y el color.  Apuntes sobre el estilo y los personajes. Realidad e ilusi&#xF3;n </subfield>
  </datafield>
  <datafield tag="505" ind1="0" ind2=" ">
    <subfield code="a">Madrid callejero: La Gran V&#xED;a; El baile de criadas de Tetu&#xE1;n; Los cementerios abandonados; La fiesta de San Ant&#xF3;n; Un domingo en Las Ventas; Las Carnestolendas; La fiesta del Dos de Mayo; El viejo de los espec&#xED;ficos: La Plaza de la Cebada; El ciego Fidel; La verbena del Carmen; Garibaldi y su mujer</subfield>
  </datafield>
  <datafield tag="520" ind1=" " ind2=" ">
    <subfield code="a">Con una est&#xE9;tica que resalta lo extravagante, no lo pintoresco, Jos&#xE9; Guti&#xE9;rrez Solana retrata en "Madrid callejero" la situaci&#xF3;n de un Madrid cambiante. Las calles son las protagonistas de la obra, a trav&#xE9;s de ellas el escritor nos desvela el ambiente en el que se desenvuelven los madrile&#xF1;os y podemos percibir los olores, el gusto y el habla de &#xE9;stos. Todo ello presentado mediante una sucesi&#xF3;n de cuadros inspirados en "lo natural", en lo real, y descritos con toda la fuerza y el dramatismo que el pintor Solana plasmaba en sus lienzos. El color negro, junto a la presencia de la muerte y las m&#xE1;scaras, resalta en estas p&#xE1;ginas, dada la concepci&#xF3;n tenebrosa que el autor tiene de la existencia</subfield>
  </datafield>
  <datafield tag="651" ind1=" " ind2="7">
    <subfield code="a">Madrid-</subfield>
    <subfield code="x">Usos y costumbres-</subfield>
    <subfield code="y">S.XX</subfield>
    <subfield code="2">embne</subfield>
    <subfield code="9">8992</subfield>
  </datafield>
  <datafield tag="651" ind1=" " ind2="4">
    <subfield code="a">Madrid-</subfield>
    <subfield code="x">Curiosidades</subfield>
    <subfield code="9">8951</subfield>
  </datafield>
  <datafield tag="655" ind1=" " ind2="7">
    <subfield code="a">Libros ilustrados</subfield>
    <subfield code="2">tgfbne</subfield>
    <subfield code="9">193653</subfield>
  </datafield>
  <datafield tag="700" ind1="1" ind2=" ">
    <subfield code="a">Saturnino Sanch&#xED;s, Teodoro </subfield>
    <subfield code="e">pbl</subfield>
    <subfield code="9">239745</subfield>
  </datafield>
  <datafield tag="830" ind1=" " ind2="1">
    <subfield code="a">Cl&#xE1;sicos madrile&#xF1;os (Madrid) ;</subfield>
    <subfield code="v">10</subfield>
    <subfield code="9">236159</subfield>
  </datafield>
  <datafield tag="852" ind1=" " ind2=" ">
    <subfield code="a">ES-MaACL</subfield>
    <subfield code="b">R.153488</subfield>
    <subfield code="c">DEPOJ</subfield>
    <subfield code="h">Donaci&#xF3;n Comunidad de Madrid</subfield>
    <subfield code="j">N-8864</subfield>
    <subfield code="q">Se est&#xE1; despegando de la cubierta</subfield>
    <subfield code="9">204691</subfield>
  </datafield>
  <datafield tag="942" ind1=" " ind2=" ">
    <subfield code="c">MONOGRAFIA</subfield>
    <subfield code="n">0</subfield>
  </datafield>
  <datafield tag="999" ind1=" " ind2=" ">
    <subfield code="c">194502</subfield>
    <subfield code="d">194502</subfield>
  </datafield>
  <datafield tag="952" ind1=" " ind2=" ">
    <subfield code="0">0</subfield>
    <subfield code="1">0</subfield>
    <subfield code="2">udc</subfield>
    <subfield code="4">0</subfield>
    <subfield code="7">0</subfield>
    <subfield code="a">ATENEOM</subfield>
    <subfield code="b">ATENEOM</subfield>
    <subfield code="c">DEPOJ</subfield>
    <subfield code="d">2025-03-07</subfield>
    <subfield code="e">DONACION</subfield>
    <subfield code="l">0</subfield>
    <subfield code="o">N-8864</subfield>
    <subfield code="p">101229540</subfield>
    <subfield code="r">2025-03-07 00:00:00</subfield>
    <subfield code="y">MONOGRAFIA</subfield>
  </datafield>
</record>
